| 000 | 01704cad a22002535a 4500 | ||
|---|---|---|---|
| 001 | L158547 | ||
| 008 | 131031s2015 xxk f f 001 0 eng d | ||
| 035 | _a(Sirsi) u158547 | ||
| 041 | 0 | _aeng | |
| 050 | 0 | 4 | _218 |
| 110 | 2 |
_aRoyal Institution of Chartered Surveyors _94900 |
|
| 245 | 0 | 0 |
_aMaking more brownfield land available for housing _bA case study of Nottingham _h[electronic resource] |
| 260 |
_aLondon _bRICS _c2015 |
||
| 490 | 0 | _aRICS Research | |
| 520 | _aAims to understand the barriers to housing development on brownfield land in Nottingham and to identify public and private sector solutions to encourage more housing development on brownfield land. Nottingham was chosen as the case study city in the belief that it was reasonably representative of other major cities in England outside London. The detailed analysis of 30 brownfield sites in Nottingham, reveal the presence of a wide range of constraints which impact upon housing development. The significant constraints identified include poor market conditions, derelict structures, contamination and underground issues, landownership and difficulties with planning negotiations. The research report also sets out policy recommendations, focussing on aspects of planning and funding, on how to make more brownfield land available for housing. | ||
| 650 | 2 | 4 |
_aAffordable housing _96215 |
| 650 | 2 | 4 | _aBROWNFIELD LAND |
| 651 | 4 | _aUnited Kingdom | |
| 690 |
_aPlanning and development _96259 |
||
| 700 | 1 | _aHutchinson, Norman | |
| 700 | 1 | _aDisberry, Alan | |
| 856 | 4 | 0 |
_uhttps://www.rics.org/profession-standards/knowledge-and-information-services/document-delivery-and-o _zemail [email protected] to request a copy |
| 942 | _n0 | ||
| 999 |
_c115373 _d115373 |
||